Loading...

Structural changes in the world economy

Bibliographic Details
Main Author: Kadar, Bela
Format: Printed Book
Language:Undetermined
Published: Budapest Akademiai Kiado 1984
LEADER 00527nam a2200145Ia 4500
008 161229s9999 xx 000 0 und d
020 |a 9630531690 
082 |a 338.9 KAD/ST 
100 |a  Kadar, Bela 
245 |a Structural changes in the world economy 
260 |b Akademiai Kiado  |a Budapest  |c 1984 
300 |a 287 
942 |c BK 
999 |c 152612  |d 152612 
952 |0 0  |1 0  |4 0  |6 338_900000000000000_KADST  |7 0  |9 151677  |a KAUCLV  |b KAUCLV  |d 2016-12-29  |o 338.9 KAD/ST  |p 903921  |r 2016-12-29  |w 2016-12-29  |y BK  |z Book transferred from CCBM Library ,Acc.No:4092